[Event "T-Director's Swiss sytem"]
[Site "playchess.com #662980"]
[Date "2014.03.16"]
[Round "6"]
[White "Chess-hate"]
[Black "Shrek2"]
[Result "1-0"]
[WhiteElo "1643"]
[BlackElo "1882"]
[PlyCount "109"]
[EventDate "2014.03.16"]
[EventType "swiss (blitz)"]

1. d4 {[%emt 0:00:01]} c5 {[%emt 0:00:08]} 2. d5 {[%emt 0:00:01]} e5 {[%emt 0:
00:04]} 3. e4 {[%emt 0:00:02]} d6 {[%emt 0:00:01]} 4. Bb5+ {[%emt 0:00:10]} Bd7
{[%emt 0:00:02]} 5. Bd3 {[%emt 0:00:03]} b5 {[%emt 0:00:02]} 6. c4 {[%emt 0:00:
02]} bxc4 {[%emt 0:00:17]} 7. Bxc4 {[%emt 0:00:01]} Na6 {[%emt 0:00:02]} 8. Nf3
{[%emt 0:00:06]} Rb8 {[%emt 0:00:04]} 9. O-O {[%emt 0:00:02]} Bb5 {[%emt 0:00:
01]} 10. Nbd2 {[%emt 0:00:02]} Nf6 {[%emt 0:00:02]} 11. Bxb5+ {[%emt 0:00:09]}
Rxb5 {[%emt 0:00:03]} 12. Qa4 {[%emt 0:00:08]} Qa5 {[%emt 0:00:02]} 13. Qxa5 {
[%emt 0:00:02]} Rxa5 {[%emt 0:00:01]} 14. Re1 {[%emt 0:00:07]} Be7 {[%emt 0:00:
03]} 15. Nc4 {[%emt 0:00:01]} Rb5 {[%emt 0:00:03]} 16. b3 {[%emt 0:00:01]} Nb4
{[%emt 0:00:02]} 17. Ba3 {[%emt 0:00:03]} Nc2 {[%emt 0:00:03]} 18. Rac1 {[%emt
0:00:12]} Nxe1 {[%emt 0:00:04]} 19. Rxe1 {[%emt 0:00:00]} Kd7 {[%emt 0:00:03]}
20. Re2 {[%emt 0:00:12]} h6 {[%emt 0:00:01]} 21. Ne1 {[%emt 0:00:01]} a5 {
[%emt 0:00:05]} 22. Nd3 {[%emt 0:00:03]} Ra8 {[%emt 0:00:03]} 23. Ndb2 {[%emt
0:00:04]} Nh5 {[%emt 0:00:05]} 24. g3 {[%emt 0:00:01]} Bg5 {[%emt 0:00:07]} 25.
Na4 {[%emt 0:00:02] Chess-hate propose la nulle} Bd8 {[%emt 0:00:13]} 26. h4 {
[%emt 0:00:08]} g6 {[%emt 0:00:04]} 27. Kg2 {[%emt 0:00:01]} Rb7 {[%emt 0:00:
02]} 28. Kf3 {[%emt 0:00:03]} Bc7 {[%emt 0:00:02]} 29. Ke3 {[%emt 0:00:01]}
Rbb8 {[%emt 0:00:01]} 30. Re1 {[%emt 0:00:03]} f5 {[%emt 0:00:01]} 31. exf5 {
[%emt 0:00:03]} gxf5 {[%emt 0:00:01]} 32. Rg1 {[%emt 0:00:07]} Rg8 {[%emt 0:00:
02]} 33. Kd3 {[%emt 0:00:21]} Rg4 {[%emt 0:00:10]} 34. Ne3 {[%emt 0:00:27]}
Rd4+ {[%emt 0:00:14]} 35. Kc3 {[%emt 0:00:01]} f4 {[%emt 0:00:01]} 36. Nf5 {
[%emt 0:00:10]} Re4 {[%emt 0:00:22]} 37. Kd3 {[%emt 0:00:03]} Rd4+ {[%emt 0:00:
05]} 38. Nxd4 {[%emt 0:00:03]} cxd4 {[%emt 0:00:07]} 39. g4 {[%emt 0:00:01]}
Rg8 {[%emt 0:00:03]} 40. Ke4 {[%emt 0:00:12]} Ke7 {[%emt 0:00:14]} 41. Nb2 {
[%emt 0:00:07]} Nf6+ {[%emt 0:00:11]} 42. Kf3 {[%emt 0:00:08]} Nxd5 {[%emt 0:
00:02]} 43. Nc4 {[%emt 0:00:01]} Nc3 {[%emt 0:00:05]} 44. Nxe5 {[%emt 0:00:04]}
Nxa2 {[%emt 0:00:14]} 45. Nc6+ {[%emt 0:00:01]} Ke6 {[%emt 0:00:02]} 46. Nxd4+
{[%emt 0:00:01]} Kd5 {[%emt 0:00:23]} 47. Nf5 {[%emt 0:00:01]} Rf8 {[%emt 0:00:
20]} 48. Nxh6 {[%emt 0:00:04]} Nc3 {[%emt 0:00:05]} 49. Nf5 {[%emt 0:00:03]}
Rb8 {[%emt 0:00:14]} 50. Bb2 {[%emt 0:00:23]} Rxb3 {[%emt 0:00:11]} 51. Bxc3 {
[%emt 0:00:01]} Rxc3+ {[%emt 0:00:01]} 52. Kxf4 {[%emt 0:00:00]} Ke6 {[%emt 0:
00:28]} 53. h5 {[%emt 0:00:07]} d5+ {[%emt 0:00:08]} 54. Kg5 {[%emt 0:00:01]}
Rf3 {[%emt 0:00:06]} 55. Nd4+ {[%emt 0:00:01] Shrek2 gibt auf} 1-0

[Event "T-Director's Swiss sytem"]
[Site "playchess.com #662980"]
[Date "2014.03.16"]
[Round "6"]
[White "Chessys"]
[Black "Hakem III"]
[Result "1-0"]
[WhiteElo "1554"]
[BlackElo "1758"]
[PlyCount "71"]
[EventDate "2014.03.16"]
[EventType "swiss (blitz)"]

1. d4 {[%emt 0:00:05]} d5 {[%emt 0:00:02]} 2. c4 {[%emt 0:00:02]} e6 {[%emt 0:
00:02]} 3. a3 {[%emt 0:00:03]} c5 {[%emt 0:00:04]} 4. e3 {[%emt 0:00:02]} Nc6 {
[%emt 0:00:02]} 5. Nf3 {[%emt 0:00:02]} Nf6 {[%emt 0:00:01]} 6. cxd5 {[%emt 0:
00:03]} exd5 {[%emt 0:00:01]} 7. dxc5 {[%emt 0:00:01]} Bxc5 {[%emt 0:00:02]} 8.
b4 {[%emt 0:00:03]} Be7 {[%emt 0:00:03]} 9. Bb2 {[%emt 0:00:01]} O-O {[%emt 0:
00:02]} 10. Bd3 {[%emt 0:00:02]} Bg4 {[%emt 0:00:04]} 11. h3 {[%emt 0:00:03]}
Bh5 {[%emt 0:00:01]} 12. O-O {[%emt 0:00:04]} a6 {[%emt 0:00:49]} 13. Nbd2 {
[%emt 0:00:05]} d4 {[%emt 0:00:23]} 14. exd4 {[%emt 0:00:14]} Nxd4 {[%emt 0:00:
05]} 15. Bxd4 {[%emt 0:00:10]} Qxd4 {[%emt 0:00:07]} 16. Nxd4 {[%emt 0:00:03]}
Bxd1 {[%emt 0:00:01]} 17. Rfxd1 {[%emt 0:00:02]} g6 {[%emt 0:00:30]} 18. N2f3 {
[%emt 0:00:07]} Nd5 {[%emt 0:00:09]} 19. Rac1 {[%emt 0:00:50]} Rad8 {[%emt 0:
00:06]} 20. Re1 {[%emt 0:00:20]} Bf6 {[%emt 0:00:02]} 21. Be4 {[%emt 0:00:13]}
Nf4 {[%emt 0:00:02]} 22. Rcd1 {[%emt 0:00:13]} b6 {[%emt 0:00:16]} 23. g3 {
[%emt 0:00:19]} Nxh3+ {[%emt 0:00:12]} 24. Kg2 {[%emt 0:00:02]} Ng5 {[%emt 0:
00:02]} 25. Nxg5 {[%emt 0:00:05]} Bxg5 {[%emt 0:00:01]} 26. Nf3 {[%emt 0:00:10]
} Bf6 {[%emt 0:00:01]} 27. Rxd8 {[%emt 0:00:06]} Rxd8 {[%emt 0:00:01]} 28. Bb7
{[%emt 0:00:02]} a5 {[%emt 0:00:02]} 29. bxa5 {[%emt 0:00:02]} bxa5 {[%emt 0:
00:01]} 30. a4 {[%emt 0:00:11]} Kf8 {[%emt 0:00:03]} 31. Bc6 {[%emt 0:00:07]}
Bc3 {[%emt 0:00:02]} 32. Re3 {[%emt 0:00:11]} Bb4 {[%emt 0:00:02]} 33. Bb5 {
[%emt 0:00:03]} Bc5 {[%emt 0:00:04]} 34. Rd3 {[%emt 0:00:03]} Rb8 {[%emt 0:00:
10]} 35. Ne5 {[%emt 0:00:05]} Rc8 {[%emt 0:00:24]} 36. Nd7+ {[%emt 0:00:10]
Hakem III reconnected. Hakem III rinde} 1-0

[Event "T-Director's Swiss sytem"]
[Site "playchess.com #662980"]
[Date "2014.03.16"]
[Round "3"]
[White "Chessys"]
[Black "Mariofad"]
[Result "1-0"]
[WhiteElo "1519"]
[BlackElo "1505"]
[PlyCount "133"]
[EventDate "2014.03.16"]
[EventType "swiss (blitz)"]

1. d4 {[%emt 0:00:03]} Nf6 {[%emt 0:00:02]} 2. c4 {[%emt 0:00:02]} g6 {[%emt 0:
00:01]} 3. Nc3 {[%emt 0:00:02]} Bg7 {[%emt 0:00:01]} 4. e4 {[%emt 0:00:02]} d6
{[%emt 0:00:01]} 5. Be2 {[%emt 0:00:02]} O-O {[%emt 0:00:01]} 6. f4 {[%emt 0:
00:02]} Na6 {[%emt 0:00:10]} 7. Nf3 {[%emt 0:00:11]} c5 {[%emt 0:00:06]} 8. e5
{[%emt 0:00:29]} dxe5 {[%emt 0:00:11]} 9. dxe5 {[%emt 0:00:02]} Qxd1+ {[%emt 0:
00:25]} 10. Bxd1 {[%emt 0:00:08]} Ng4 {[%emt 0:00:30]} 11. h3 {[%emt 0:00:08]}
Nh6 {[%emt 0:00:04]} 12. Nd5 {[%emt 0:00:09]} Re8 {[%emt 0:00:49]} 13. O-O {
[%emt 0:00:06]} Nf5 {[%emt 0:00:13]} 14. Bc2 {[%emt 0:00:29]} e6 {[%emt 0:00:
12]} 15. Nf6+ {[%emt 0:00:09]} Bxf6 {[%emt 0:00:04]} 16. exf6 {[%emt 0:00:02]}
Nb4 {[%emt 0:00:01]} 17. Bb1 {[%emt 0:00:25]} b6 {[%emt 0:00:11]} 18. a3 {
[%emt 0:00:07]} Na6 {[%emt 0:00:12]} 19. Be4 {[%emt 0:00:09]} Rb8 {[%emt 0:00:
05]} 20. b4 {[%emt 0:00:16]} Ng3 {[%emt 0:00:09]} 21. Re1 {[%emt 0:00:05]} Nxe4
{[%emt 0:00:03]} 22. Rxe4 {[%emt 0:00:02]} Bb7 {[%emt 0:00:02]} 23. Re3 {[%emt
0:00:09]} Rbd8 {[%emt 0:00:35]} 24. Bb2 {[%emt 0:00:09]} Ba8 {[%emt 0:00:24]}
25. Kf2 {[%emt 0:00:42]} Rd7 {[%emt 0:00:04]} 26. Ne5 {[%emt 0:00:11]} Rc7 {
[%emt 0:00:11]} 27. b5 {[%emt 0:00:15]} Nb8 {[%emt 0:00:06]} 28. Rd1 {[%emt 0:
00:02]} a6 {[%emt 0:00:09]} 29. a4 {[%emt 0:00:04]} axb5 {[%emt 0:00:06]} 30.
axb5 {[%emt 0:00:01]} h5 {[%emt 0:00:09]} 31. Red3 {[%emt 0:00:09]} Be4 {[%emt
0:00:09]} 32. Rd8 {[%emt 0:00:14]} Rc8 {[%emt 0:00:04]} 33. Rxe8+ {[%emt 0:00:
16]} Rxe8 {[%emt 0:00:05]} 34. Rd6 {[%emt 0:00:03]} Bc2 {[%emt 0:00:09]} 35.
Rxb6 {[%emt 0:00:05]} Bb3 {[%emt 0:00:01]} 36. Rb7 {[%emt 0:00:04]} Rf8 {[%emt
0:00:02]} 37. Ke3 {[%emt 0:00:06]} Kh7 {[%emt 0:00:02]} 38. Kd2 {[%emt 0:00:04]
} Rd8+ {[%emt 0:00:04]} 39. Kc3 {[%emt 0:00:02]} Bd1 {[%emt 0:00:02]} 40. Rxf7+
{[%emt 0:00:03]} Kg8 {[%emt 0:00:02]} 41. Rg7+ {[%emt 0:00:02]} Kf8 {[%emt 0:
00:01]} 42. Rxg6 {[%emt 0:00:09]} Be2 {[%emt 0:00:01]} 43. Rh6 {[%emt 0:00:04]}
Kg8 {[%emt 0:00:04]} 44. Rg6+ {[%emt 0:00:04]} Kf8 {[%emt 0:00:01]} 45. Rg7 {
[%emt 0:00:02]} Nd7 {[%emt 0:00:11]} 46. Rxd7 {[%emt 0:00:04]} Rxd7 {[%emt 0:
00:01]} 47. Nxd7+ {[%emt 0:00:01]} Kf7 {[%emt 0:00:00]} 48. Nxc5 {[%emt 0:00:
02]} Bf1 {[%emt 0:00:03]} 49. g4 {[%emt 0:00:05]} hxg4 {[%emt 0:00:04]} 50.
hxg4 {[%emt 0:00:01]} Kxf6 {[%emt 0:00:01]} 51. b6 {[%emt 0:00:01]} Bg2 {[%emt
0:00:02]} 52. Nd7+ {[%emt 0:00:01]} Kg6 {[%emt 0:00:02]} 53. Ne5+ {[%emt 0:00:
01]} Kf6 {[%emt 0:00:02]} 54. c5 {[%emt 0:00:01]} Bb7 {[%emt 0:00:04]} 55. Kb4
{[%emt 0:00:01]} Bd5 {[%emt 0:00:02]} 56. Kb5 {[%emt 0:00:02]} Ke7 {[%emt 0:00:
02]} 57. c6 {[%emt 0:00:01]} Kd8 {[%emt 0:00:01]} 58. c7+ {[%emt 0:00:04]} Kc8
{[%emt 0:00:01]} 59. g5 {[%emt 0:00:01]} Kb7 {[%emt 0:00:01]} 60. g6 {[%emt 0:
00:01]} Bc6+ {[%emt 0:00:01]} 61. Kc5 {[%emt 0:00:01]} Be8 {[%emt 0:00:01]} 62.
g7 {[%emt 0:00:02]} Bf7 {[%emt 0:00:01]} 63. Nxf7 {[%emt 0:00:02]} e5 {[%emt 0:
00:01]} 64. g8=Q {[%emt 0:00:02]} e4 {[%emt 0:00:00]} 65. Qb8+ {[%emt 0:00:06]}
Ka6 {[%emt 0:00:01]} 66. c8=Q+ {[%emt 0:00:01]} Ka5 {[%emt 0:00:01]} 67. Qa7# {
[%emt 0:00:02]} 1-0

[Event "T-Director's Swiss sytem"]
[Site "playchess.com #662980"]
[Date "2014.03.16"]
[Round "2"]
[White "Chessys"]
[Black "Orgoi"]
[Result "0-1"]
[WhiteElo "1520"]
[BlackElo "2096"]
[PlyCount "94"]
[EventDate "2014.03.16"]
[EventType "swiss (blitz)"]

1. d4 {[%emt 0:00:03]} Nf6 {[%emt 0:00:02]} 2. c4 {[%emt 0:00:02]} e6 {[%emt 0:
00:01]} 3. a3 {[%emt 0:00:03]} d5 {[%emt 0:00:02]} 4. e3 {[%emt 0:00:02]} c5 {
[%emt 0:00:02]} 5. Nf3 {[%emt 0:00:03]} Nc6 {[%emt 0:00:02]} 6. Bd3 {[%emt 0:
00:03]} cxd4 {[%emt 0:00:02]} 7. exd4 {[%emt 0:00:02]} dxc4 {[%emt 0:00:02]} 8.
Bxc4 {[%emt 0:00:02]} Be7 {[%emt 0:00:01]} 9. O-O {[%emt 0:00:05]} O-O {[%emt
0:00:01]} 10. Nc3 {[%emt 0:00:02]} b6 {[%emt 0:00:02]} 11. d5 {[%emt 0:00:23]}
Na5 {[%emt 0:00:03]} 12. Ba2 {[%emt 0:00:04]} exd5 {[%emt 0:00:02]} 13. Nxd5 {
[%emt 0:00:03]} Bb7 {[%emt 0:00:05]} 14. Nxe7+ {[%emt 0:00:16]} Qxe7 {[%emt 0:
00:02]} 15. Re1 {[%emt 0:00:07]} Bxf3 {[%emt 0:00:03]} 16. gxf3 {[%emt 0:00:16]
} Rfd8 {[%emt 0:00:02]} 17. Qe2 {[%emt 0:00:13]} Qxe2 {[%emt 0:00:04]} 18. Rxe2
{[%emt 0:00:02]} Rd1+ {[%emt 0:00:02]} 19. Kg2 {[%emt 0:00:02]} Rc8 {[%emt 0:
00:02]} 20. Rb1 {[%emt 0:00:34]} Rcxc1 {[%emt 0:00:05]} 21. Rxc1 {[%emt 0:00:
04]} Rxc1 {[%emt 0:00:01]} 22. b4 {[%emt 0:00:03]} Nc4 {[%emt 0:00:02]} 23.
Bxc4 {[%emt 0:00:02]} Rxc4 {[%emt 0:00:02]} 24. Rd2 {[%emt 0:00:01]} Kf8 {
[%emt 0:00:03]} 25. Rd3 {[%emt 0:00:02]} Ke7 {[%emt 0:00:06]} 26. Kf1 {[%emt 0:
00:04]} Nh5 {[%emt 0:00:03]} 27. Re3+ {[%emt 0:00:04]} Kf6 {[%emt 0:00:02]} 28.
Ke2 {[%emt 0:00:02]} Rc2+ {[%emt 0:00:03]} 29. Kd1 {[%emt 0:00:06]} Rxf2 {
[%emt 0:00:01]} 30. Rc3 {[%emt 0:00:01]} Nf4 {[%emt 0:00:04]} 31. Rc7 {[%emt 0:
00:03]} a5 {[%emt 0:00:03]} 32. bxa5 {[%emt 0:00:05]} bxa5 {[%emt 0:00:01]} 33.
Ra7 {[%emt 0:00:07]} Ke5 {[%emt 0:00:01]} 34. Rxa5+ {[%emt 0:00:02]} Kd4 {
[%emt 0:00:01]} 35. Ra7 {[%emt 0:00:02]} Nd3 {[%emt 0:00:05]} 36. Rxf7 {[%emt
0:00:12]} Rxh2 {[%emt 0:00:05]} 37. Rxg7 {[%emt 0:00:11]} Ke3 {[%emt 0:00:02]}
38. Re7+ {[%emt 0:00:02]} Kxf3 {[%emt 0:00:01]} 39. Rf7+ {[%emt 0:00:07]} Nf4 {
[%emt 0:00:02]} 40. a4 {[%emt 0:00:05]} h5 {[%emt 0:00:02]} 41. a5 {[%emt 0:00:
02]} Ra2 {[%emt 0:00:02]} 42. Rf5 {[%emt 0:00:12]} h4 {[%emt 0:00:02]} 43. Rb5
{[%emt 0:00:07]} h3 {[%emt 0:00:03]} 44. Rb3+ {[%emt 0:00:03]} Kg2 {[%emt 0:00:
05]} 45. Rb4 {[%emt 0:00:04]} h2 {[%emt 0:00:03]} 46. Rxf4 {[%emt 0:00:02]}
h1=Q+ {[%emt 0:00:04]} 47. Rf1 {[%emt 0:00:04]} Qxf1# {[%emt 0:00:04]} 0-1

[Event "T-Director's Swiss sytem"]
[Site "playchess.com #662980"]
[Date "2014.03.16"]
[Round "5"]
[White "Chessys"]
[Black "Pierre-Basile76"]
[Result "0-1"]
[WhiteElo "1561"]
[BlackElo "1792"]
[PlyCount "84"]
[EventDate "2014.03.16"]
[EventType "swiss (blitz)"]

1. e4 {[%emt 0:00:02]} c5 {[%emt 0:00:04]} 2. Nf3 {[%emt 0:00:02]} Nc6 {[%emt
0:00:04]} 3. d4 {[%emt 0:00:02]} cxd4 {[%emt 0:00:01]} 4. Nxd4 {[%emt 0:00:01]}
Qb6 {[%emt 0:00:01]} 5. Nb3 {[%emt 0:00:10]} Nf6 {[%emt 0:00:02]} 6. Nc3 {
[%emt 0:00:11]} e6 {[%emt 0:00:04]} 7. Be3 {[%emt 0:00:03]} Qc7 {[%emt 0:00:03]
} 8. Be2 {[%emt 0:00:22]} a6 {[%emt 0:00:03]} 9. Nd4 {[%emt 0:00:06]} Be7 {
[%emt 0:00:07]} 10. Nxc6 {[%emt 0:00:16]} bxc6 {[%emt 0:00:16]} 11. Qd2 {[%emt
0:00:13]} d5 {[%emt 0:00:04]} 12. exd5 {[%emt 0:00:04]} cxd5 {[%emt 0:00:05]}
13. Bf4 {[%emt 0:00:11]} Qd8 {[%emt 0:00:46]} 14. a3 {[%emt 0:00:12]} Bb7 {
[%emt 0:00:03]} 15. Bf3 {[%emt 0:00:05]} O-O {[%emt 0:00:04]} 16. O-O {[%emt 0:
00:03]} Bd6 {[%emt 0:00:14]} 17. Bxd6 {[%emt 0:00:03]} Qxd6 {[%emt 0:00:00]}
18. Rfe1 {[%emt 0:00:07]} Rfe8 {[%emt 0:00:02]} 19. Ne4 {[%emt 0:00:15]} Nxe4 {
[%emt 0:00:03]} 20. Bxe4 {[%emt 0:00:01]} Rad8 {[%emt 0:00:02]} 21. Bf3 {[%emt
0:00:04]} e5 {[%emt 0:00:02]} 22. Rad1 {[%emt 0:00:09]} Bc6 {[%emt 0:00:44]}
23. b3 {[%emt 0:00:28]} Re6 {[%emt 0:00:03]} 24. c4 {[%emt 0:00:14]} d4 {[%emt
0:00:18]} 25. Bxc6 {[%emt 0:00:03]} Qxc6 {[%emt 0:00:00]} 26. Qb2 {[%emt 0:00:
38]} Rdd6 {[%emt 0:00:20]} 27. b4 {[%emt 0:00:18]} Rg6 {[%emt 0:00:04]} 28. g3
{[%emt 0:00:05]} Rh6 {[%emt 0:00:18]} 29. Rxe5 {[%emt 0:00:13]} Rxh2 {[%emt 0:
00:02]} 30. Re8+ {[%emt 0:00:42]} Qxe8 {[%emt 0:00:02]} 31. Kxh2 {[%emt 0:00:
02]} Qe4 {[%emt 0:00:01]} 32. f3 {[%emt 0:00:21]} Qxf3 {[%emt 0:00:13]} 33. Qg2
{[%emt 0:00:12]} Rh6+ {[%emt 0:00:05]} 34. Kg1 {[%emt 0:00:02]} Qxd1+ {[%emt 0:
00:02]} 35. Kf2 {[%emt 0:00:07]} Qd2+ {[%emt 0:00:06]} 36. Kg1 {[%emt 0:00:04]}
Qe1+ {[%emt 0:00:08]} 37. Qf1 {[%emt 0:00:01]} Rh1+ {[%emt 0:00:01]} 38. Kxh1 {
[%emt 0:00:01]} Qxf1+ {[%emt 0:00:00]} 39. Kh2 {[%emt 0:00:03]} d3 {[%emt 0:00:
00]} 40. c5 {[%emt 0:00:01]} d2 {[%emt 0:00:00]} 41. c6 {[%emt 0:00:01]} d1=Q {
[%emt 0:00:02]} 42. c7 {[%emt 0:00:01]} Qh1# {[%emt 0:00:00]} 0-1

[Event "T-Director's Swiss sytem"]
[Site "playchess.com #662980"]
[Date "2014.03.16"]
[Round "9"]
[White "Chessys"]
[Black "Shrek2"]
[Result "1-0"]
[WhiteElo "1592"]
[BlackElo "1860"]
[PlyCount "101"]
[EventDate "2014.03.16"]
[EventType "swiss (blitz)"]

1. e4 {[%emt 0:00:03]} c5 {[%emt 0:00:01]} 2. c3 {[%emt 0:00:03]} Nf6 {[%emt 0:
00:02]} 3. d3 {[%emt 0:00:03]} d5 {[%emt 0:00:02]} 4. exd5 {[%emt 0:00:01]}
Qxd5 {[%emt 0:00:01]} 5. Nf3 {[%emt 0:00:07]} Nc6 {[%emt 0:00:05]} 6. Be2 {
[%emt 0:00:07]} Bf5 {[%emt 0:00:04]} 7. Na3 {[%emt 0:00:13]} O-O-O {[%emt 0:00:
04]} 8. O-O {[%emt 0:00:10]} Bxd3 {[%emt 0:00:07]} 9. Bxd3 {[%emt 0:00:02]}
Qxd3 {[%emt 0:00:02]} 10. Qxd3 {[%emt 0:00:02]} Rxd3 {[%emt 0:00:01]} 11. Be3 {
[%emt 0:00:05]} e6 {[%emt 0:00:03]} 12. Rad1 {[%emt 0:00:05]} Rxd1 {[%emt 0:00:
08]} 13. Rxd1 {[%emt 0:00:02]} Be7 {[%emt 0:01:14]} 14. Ng5 {[%emt 0:00:10]}
Rf8 {[%emt 0:00:08]} 15. f3 {[%emt 0:00:04]} h6 {[%emt 0:00:08]} 16. Ne4 {
[%emt 0:00:03]} Nxe4 {[%emt 0:00:01]} 17. fxe4 {[%emt 0:00:02]} a6 {[%emt 0:00:
07]} 18. Nc2 {[%emt 0:00:07]} Ne5 {[%emt 0:00:04]} 19. Bf4 {[%emt 0:00:14]} Nc4
{[%emt 0:00:07]} 20. b3 {[%emt 0:00:06]} e5 {[%emt 0:00:09]} 21. Be3 {[%emt 0:
00:16]} b6 {[%emt 0:00:12]} 22. bxc4 {[%emt 0:00:04]} Kc7 {[%emt 0:00:11]} 23.
Bf2 {[%emt 0:00:07]} b5 {[%emt 0:00:30]} 24. cxb5 {[%emt 0:00:02]} axb5 {[%emt
0:00:01]} 25. Ne3 {[%emt 0:00:03]} Bd6 {[%emt 0:00:11]} 26. Nd5+ {[%emt 0:00:
06]} Kc6 {[%emt 0:00:04]} 27. Ne3 {[%emt 0:00:07]} g6 {[%emt 0:00:08]} 28. h3 {
[%emt 0:00:07]} Ra8 {[%emt 0:00:01]} 29. Rd2 {[%emt 0:00:02]} Ra3 {[%emt 0:00:
01]} 30. Rc2 {[%emt 0:00:03]} c4 {[%emt 0:00:16]} 31. g4 {[%emt 0:00:13]} Bc7 {
[%emt 0:00:14]} 32. Nd5 {[%emt 0:00:04]} Ba5 {[%emt 0:00:02]} 33. Kg2 {[%emt 0:
00:23]} Kd6 {[%emt 0:00:12]} 34. Be3 {[%emt 0:00:18]} h5 {[%emt 0:00:18]} 35.
gxh5 {[%emt 0:00:04]} gxh5 {[%emt 0:00:01]} 36. Bc1 {[%emt 0:00:03]} Ra4 {
[%emt 0:00:13]} 37. Ne3 {[%emt 0:00:08]} Ke6 {[%emt 0:00:39]} 38. Nf5 {[%emt 0:
00:16]} Kf6 {[%emt 0:00:08]} 39. h4 {[%emt 0:00:10]} Bb6 {[%emt 0:00:12]} 40.
Rd2 {[%emt 0:00:18] .} Bc5 {[%emt 0:00:03]} 41. Rc2 {[%emt 0:00:08]} Kg6 {
[%emt 0:00:01]} 42. Be3 {[%emt 0:00:09]} Bf8 {[%emt 0:00:02]} 43. Bf2 {[%emt 0:
00:18]} f6 {[%emt 0:00:01]} 44. Ne3 {[%emt 0:00:04]} Ra3 {[%emt 0:00:02]} 45.
Nd5 {[%emt 0:00:03]} Bd6 {[%emt 0:00:01]} 46. Be3 {[%emt 0:00:04]} Kf7 {[%emt
0:00:01]} 47. Bc1 {[%emt 0:00:05]} Ke6 {[%emt 0:00:00]} 48. Bxa3 {[%emt 0:00:
02]} Bxa3 {[%emt 0:00:00]} 49. Ne3 {[%emt 0:00:05]} Bc5 {[%emt 0:00:01]} 50.
Nf5 {[%emt 0:00:01]} Ba3 {[%emt 0:00:01]} 51. Ng7+ {[%emt 0:00:03] Shrek2 gibt
auf} 1-0

[Event "T-Director's Swiss sytem"]
[Site "playchess.com #662980"]
[Date "2014.03.16"]
[Round "2"]
[White "Cholzan"]
[Black "All4tactics"]
[Result "1-0"]
[WhiteElo "2331"]
[BlackElo "1837"]
[PlyCount "71"]
[EventDate "2014.03.16"]
[EventType "swiss (blitz)"]

1. d4 {[%emt 0:00:01]} Nf6 {[%emt 0:00:02]} 2. c4 {[%emt 0:00:01]} c5 {[%emt 0:
00:07]} 3. d5 {[%emt 0:00:02]} b5 {[%emt 0:00:08]} 4. cxb5 {[%emt 0:00:01]} a6
{[%emt 0:00:02]} 5. b6 {[%emt 0:00:01]} Qxb6 {[%emt 0:00:03]} 6. Nc3 {[%emt 0:
00:01]} g6 {[%emt 0:00:04]} 7. Nf3 {[%emt 0:00:01]} Bg7 {[%emt 0:00:03]} 8. Nd2
{[%emt 0:00:01]} O-O {[%emt 0:00:03]} 9. e4 {[%emt 0:00:00]} d6 {[%emt 0:00:02]
} 10. Be2 {[%emt 0:00:01]} e6 {[%emt 0:00:17]} 11. O-O {[%emt 0:00:02]} exd5 {
[%emt 0:00:03]} 12. exd5 {[%emt 0:00:01]} a5 {[%emt 0:00:06]} 13. a4 {[%emt 0:
00:02]} Ba6 {[%emt 0:00:03]} 14. Bb5 {[%emt 0:00:05]} Nbd7 {[%emt 0:00:25]} 15.
Nc4 {[%emt 0:00:05]} Qc7 {[%emt 0:00:03]} 16. Bxa6 {[%emt 0:00:06]} Rxa6 {
[%emt 0:00:02]} 17. Nb5 {[%emt 0:00:01]} Qb8 {[%emt 0:00:01]} 18. Ra3 {[%emt 0:
00:04]} Nb6 {[%emt 0:00:15]} 19. Nxb6 {[%emt 0:00:31]} Rxb6 {[%emt 0:00:12]}
20. Rd3 {[%emt 0:00:20]} Rxb5 {[%emt 0:00:38]} 21. axb5 {[%emt 0:00:04]} Qxb5 {
[%emt 0:00:02]} 22. Bf4 {[%emt 0:00:26]} Rd8 {[%emt 0:00:13]} 23. b3 {[%emt 0:
00:04]} c4 {[%emt 0:00:22]} 24. bxc4 {[%emt 0:00:03]} Qxc4 {[%emt 0:00:02]} 25.
Bg5 {[%emt 0:00:07]} Ra8 {[%emt 0:00:05]} 26. Qf3 {[%emt 0:00:08]} Ne4 {[%emt
0:00:06]} 27. Bf4 {[%emt 0:00:26]} f5 {[%emt 0:00:06]} 28. h3 {[%emt 0:00:12]}
a4 {[%emt 0:00:04]} 29. g4 {[%emt 0:00:04]} Nc5 {[%emt 0:00:07]} 30. Ra3 {
[%emt 0:00:20]} Rf8 {[%emt 0:00:30]} 31. Bxd6 {[%emt 0:00:04]} fxg4 {[%emt 0:
00:05]} 32. Qxg4 {[%emt 0:00:06]} Qxg4+ {[%emt 0:00:20]} 33. hxg4 {[%emt 0:00:
00]} Rc8 {[%emt 0:00:23]} 34. Rc1 {[%emt 0:00:04]} Bd4 {[%emt 0:00:09]} 35.
Bxc5 {[%emt 0:00:08]} Bxc5 {[%emt 0:00:02]} 36. Rac3 {[%emt 0:00:03]
All4tactics resigns} 1-0